000 00305nam a22001337a 4500
008 181220b xxu||||| |||| 00| 0 eng d
020 _a9780807842591
041 _aeng
080 _a940
100 _a16
101 _aSHH
245 _aThe Scothchirish A Social History
_cLeyburn,J.G
942 _2udc
_cBK
999 _c53567
_d53567